01106nas a2200253Ia 4500001001100000003000900011008004100020040001300061040001300074041001300087100004900100210001200149222001200161245015700173250001100330260002200341501008600363300001800449362003100467500026000498650004300758700002200801700002900823R142/E1687IT-RoPAU151124c99999999xx |||||||||||| ||und|| aIT-RoPAU cIT-RoPAU aFRANCESE aLafrance Jean PaulgCodice Aut. SPICS: 26873 aRESEAUX aReseaux aRESEAUX, N.078 (LUGLIO/AGOSTO 1996)bA la Conquete Electronique De la Toison D'Or Ou la Mise En Place Des Contenus Et Des Services Sur Les Autoroutes De a1a ed. aPARISbCNETc1996 bPaulus - SPICS - Società San Paolo EM (non-commercial uses only)cCopyright2015 a31 p. [53-83] aN.078 (LUGLIO/AGOSTO 1996) aAlla Conquista Elettronica del Vello D'Oro: Sistemazione dei Contenuti e dei Servizi Sulle Autostrade dell'Informazione. Grande Sogno della Rete Universale. Presentazione degli Attori Principali. Analisi dei Grandi Progetti:Ubi di Videotron (Quebec), Sir aCOMUNICAZIONEvPUBBLICAZIONE PERIODICA aBrouillard Pierre gCodice Aut. SPICS: 47353